000 00323nam a22001337a 4500
008 170911b xxu||||| |||| 00| 0 eng d
020 _a9780195415551
041 _aeng
080 _a91
100 _a42
101 _aGEO
245 _aEARTH MASTERS STUDIES IN PHYSICAL GEOGRAPHY
_cCHASMER.R
942 _2udc
_cBK
999 _c26999
_d26999